000 01146nam a2200265 a 4500
001 000018062
003 DO-SdBNP
005 20210705111500.0
008 100413s2001 dr ac 000 0 spa d
020 _a9993485705
040 _aDO-SdBNP
_bspa
_cBNPHU
082 _a324.7098
_bS471r
111 1 _aSeminario "Experiencias Regionales sobre calendarios electorales,y Sistemas de Doble Vuelta
_c(Santo Domingo :
_d2001)
_939148
245 1 0 _aReformas electorales :
_bexperiencias regionales sobre calendarios electorales y sistemas de doble vuelta.
260 _aSanto Domingo :
_bParticipación Ciudadana,
_bIFES
_c2001.
300 _a147 p. :
_bil., retrs. ;
_c22 cm.
500 _aIncluye referencias bibliográficas y notas al pie de las páginas
504 _aBibliografía : p. 48 -50, 127
590 _aInventariado, 2019/MFF
650 4 _aElecciones
_zRepública Dominicana
_xCongresos, conferencias, etc.
_939149
650 4 _aElecciones
_zAmérica Latina
_xCongresos, conferencias, etc.
_939150
710 1 _aFundación Internacional para Sistemas Electorales
_939151
910 _aValidado. Control de calidad MFF
942 _2ddc
_cLBS1
999 _c17584
_d17584